| 000 | 02149nam0a2200397 i 4500 | ||
|---|---|---|---|
| 001 | RU\NLR\BIBL_A\011011245 | ||
| 005 | 20260408073448.0 | ||
| 021 |
_aRU _b2016-11797 _9765 |
||
| 029 | 1 | 0 |
_aRU _b56704-2015 _cГОСТ Р |
| 035 | _a(NLR Aleph) 011011245 | ||
| 090 |
_a11024878 _c11024878 |
||
| 100 | _a20160317d2016 k y0rusy50 ca | ||
| 101 | 0 | _arus | |
| 102 | _aRU | ||
| 105 | _ay l 000|y | ||
| 200 | 1 |
_aМембрана полимерная гидроизоляционная из поливинилхлорида. _eТехнические условия _dMembrane waterproofing made of polyvinylchloride. Specifications _zeng _eГОСТ Р 56704-2015 _fподгот. Испытат. центром ВНИИГС (ООО "ИЦ ВНИИГС") |
|
| 205 | _aИзд. офиц. | ||
| 210 |
_aМосква _cСтандартинформ _d2016 |
||
| 215 |
_aII, 5, [1] с. _d29 |
||
| 225 | 1 |
_aНациональный стандарт Российской Федерации _fФедер. агентство по техн. регулированию и метрологии |
|
| 239 | _aВвед. 01.05.2016 | ||
| 510 | 1 |
_aMembrane waterproofing made of polyvinylchloride. Specifications _zeng |
|
| 517 | 1 | _aГОСТ Р 56704-2015 | |
| 606 | 1 |
_aГидроизоляционные материалы полимерные _jТехнические условия _92298439 _3RU\NLR\AUTH\6601602958 |
|
| 606 |
_aМембраны поливинилхлоридные _jТехнические условия _92299090 _3RU\NLR\AUTH\6601603243 |
||
| 610 | 0 | _aстроительные материалы | |
| 675 | _a678.742.2 | ||
| 686 |
_a91.100 _v2003 _2oks |
||
| 686 | 1 | _aН360.75я863 | |
| 686 | 1 | _aЛ719.505я863 | |
| 712 | 0 | 2 |
_4900 _aИспытательный центр ВНИИГС _cСанкт-Петербург _9535776 _3RU\NLR\AUTH\880435725 |
| 712 | 0 | 1 |
_4725 _aРоссийская Федерация _bФедеральное агентство по техническому регулированию и метрологии _3RU\NLR\AUTH\8810064304 _9630205 |
| 942 | _cBOOK | ||
| 980 | _aNBR | ||